000 01770 a2200241 4500
001 63357
005 20260407155931.0
008 260407a1963 arg spa d
003 AR-UNSa-BCEJYS
040 _aAR-UNSa-BCEJYS
_bspa
_cAR-UNSa-BCEJYS
080 _a517.2/3
_xCálculo diferencial e integral
245 1 0 _aCálculo diferencial e integral
264 1 _aMéxico :
_bUnión Tipográfica Editorial Hispano-Americana (UTEHA)
_c1963
300 _axiv, 686 p.
_c23 cm.
505 _a1. Resumen de fórmulas - 2. Variables, funciones y límites - 3. Derivación - 4. Reglas para derivar funciones algebraicas - 5. Aplicaciones de la derivada - 6. Serivadas sucesivas de una función. Aplicaciones - 7. Derivación de funciones trascendentes. Aplicaciones - 8. Aplicaciones a las funciones paramétricas y polares y al cálculo de las raíces de una ecuación - 9. Diferenciales - 10. Curvatura. Radio de curvatura. Cículo de curvatura - 11. Teorema del valor medio y sus aplicaciones - 12. Integración de formas elementales ordianrias - 13. Constante de integración - 14. Integral definida - 15. La integración como suma - 16. Artificios de integración - 17. Fórmulas de reducción. Uso de la tabla de integrales - 18. Centros de gravedad - 19. Series - 20. Desarrollo de funciones en serie de potencias - 21. Ecuaciones diferenciales ordinarias - 22. Funciones hiperbólicas - 23. Derivadas parciales - 24. Aplicaciones de las derivadas parciales - 25. Integrales múltiples - 26. Curvas importantes - 27. Tabla de integrales -
041 _aspa
942 _cBK
590 _aniveau_biblio:m niveau_hierar:0
100 1 _aGranville, William Anthony
700 1 _aSmith, Percey F.
700 1 _aByington, Steven T.
700 1 _aLongley, William Raymond
999 _c8141
_d8141